| 000 | 00369nam a22001457a 4500 | ||
|---|---|---|---|
| 005 | 20250916093312.0 | ||
| 008 | 250916b |||||||| |||| 00| 0 eng d | ||
| 020 | _a9798887150796 | ||
| 050 | _aK 564.C6G46 2023 | ||
| 100 | _aGEORGE ANIL | ||
| 245 | _aTEXTBOOK ON NATURE OF CYBER LAWS | ||
| 260 |
_aNEWYORK _bORYSON PRESS _c2023 |
||
| 300 | _aX,304 | ||
| 942 |
_2lcc _cBK |
||
| 999 |
_c216102 _d216102 |
||